Fundamentals of accounting / (Record no. 1086)
| 000 -LEADER | |
|---|---|
| fixed length control field | 00435nam a22001577a 4500 |
| 008 - FIXED-LENGTH DATA ELEMENTS--GENERAL INFORMATION | |
| fixed length control field | 130115b xxu||||| |||| 00| 0 eng d |
| 020 ## - INTERNATIONAL STANDARD BOOK NUMBER | |
| International Standard Book Number | 9966010874 |
| 050 ## - LIBRARY OF CONGRESS CALL NUMBER | |
| Classification number | HF5635 .W366 2008 |
| 100 ## - MAIN ENTRY--PERSONAL NAME | |
| Personal name | Wang'ombe, David K. |
| 245 ## - TITLE STATEMENT | |
| Title | Fundamentals of accounting / |
| Statement of responsibility, etc | David K. Wangombe. |
| 260 ## - PUBLICATION, DISTRIBUTION, ETC. (IMPRINT) | |
| Place of publication, distribution, etc | Nairobi : |
| Name of publisher, distributor, etc | Focus Publishers, |
| Date of publication, distribution, etc | 2008. |
| 300 ## - PHYSICAL DESCRIPTION | |
| Extent | xiv, 575p. |
| 500 ## - GENERAL NOTE | |
| General note | Includes index. |
| 650 ## - SUBJECT ADDED ENTRY--TOPICAL TERM | |
| Topical term or geographic name as entry element | Accounting |
| 942 ## - ADDED ENTRY ELEMENTS (KOHA) | |
| Source of classification or shelving scheme | |
| Item type | Book |
| Withdrawn status | Lost status | Source of classification or shelving scheme | Damaged status | Not for loan | Home library | Current library | Shelving location | Date acquired | Total Checkouts | Total Renewals | Full call number | Barcode | Date last seen | Date last borrowed | Copy number | Price effective from | Koha item type | Checked out |
|---|---|---|---|---|---|---|---|---|---|---|---|---|---|---|---|---|---|---|
| Riara University Library | Riara University Library | General stack | 15/01/2013 | 80 | 5 | HF5635 .W366 2008 | 3727/12 | 12/04/2023 | 21/03/2023 | C.1 | 15/01/2013 | Book | ||||||
| Riara University Library | Riara University Library | General stack | 15/01/2013 | 138 | 10 | HF5635 .W366 2008 | 3725/12 | 08/04/2024 | 05/04/2024 | C.2 | 15/01/2013 | Book | ||||||
| Riara University Library | Riara University Library | General stack | 15/01/2013 | 56 | 8 | HF5635 .W366 2008 | 3726/12 | 06/02/2025 | 19/11/2024 | C.3 | 15/01/2013 | Book | ||||||
| Riara University Library | Riara University Library | General stack | 30/05/2013 | 57 | 3 | HF5635 .W366 2008 | 4125/13 | 30/09/2025 | 12/04/2024 | C.4 | 30/05/2013 | Book | ||||||
| Riara University Library | Riara University Library | General stack | 30/05/2013 | 66 | 1 | HF5635 .W366 2008 | 4124/13 | 29/04/2024 | 08/04/2024 | C.5 | 30/05/2013 | Book | ||||||
| Riara University Library | Riara University Library | General stack | 30/05/2013 | 73 | 7 | HF5635 .W366 2008 | 4123/13 | 04/08/2023 | 01/08/2023 | C.6 | 30/05/2013 | Book | ||||||
| Riara University Library | Riara University Library | General stack | 30/05/2013 | 78 | 4 | HF5635 .W366 2008 | 4122/13 | 14/06/2022 | 14/06/2022 | C.7 | 30/05/2013 | Book | 30/06/2022 | |||||
| Riara University Library | Riara University Library | General stack | 30/05/2013 | 91 | 5 | HF5635 .W366 2008 | 4121/13 | 19/01/2023 | 19/01/2023 | C.8 | 30/05/2013 | Book | 04/02/2023 |
